Largest City by Number of Letters - Statistics

General Stats
  • This quiz has been taken 57 times
  • The average score is 9 of 13
Answer Stats
Hint Answer % Correct
5 Tokyo 39,900,000 East Asia
94%
4 Lima 10,300,000 South America
92%
8 Shanghai 29,500,000 East Asia
88%
11 Buenos Aires 16,100,000 South America
84%
9 Guangzhou 45,600,000 East Asia
82%
7 Jakarta 30,300,000 Southeast Asia
82%
12 Johannesburg 13,400,000 Southern Africa
80%
10 Mexico City 22,600,000 Central America
80%
6 Manila 24,600,000 Southeast Asia
78%
13 Belo Horizonte 5,000,000 South America
61%
3 Fes 1,240,000 North Africa
51%
15 Saint Petersburg 5,550,000 Eastern Europe
51%
14 Vishakhapatnam 2,075,000 South Asia
2%
No matching quizzes found
Score Distribution
Percent of People with Each Score
Percentile by Number Answered
Your Score History
You have not taken this quiz